000 00503cam a22002051 4500
001 sa 66002313
003 DLC
005 20260227112228.0
008 881029s1965 xx 000 0 benr
010 _asa 66002313
035 _a(OCoLC)23580564
040 _aDLC
_cMiU
_dDLC
042 _apremarc
050 0 0 _aPK1730.29.U38
_bB5
100 1 _aMukhapadhay, Narayan,
_d1937-
245 1 0 _aBishuba rekhāẏa ye nadī.
260 _a[n.p.
_c1965]
300 _a28 p.
_c23 cm.
500 _aRomanized.
999 _c68300
_d68300